000 00638nam a2200241Ia 4500
003 OSt
005 20220918221230.0
006 a|||||r|||| 00| 0
007 ta
008 220917b |||||||| |||| 00| 0 eng d
024 _a148,869
037 _cTextual
040 _aARTS
_cARTS
_beng
041 _2eng
_aeng
082 _aT, J0
100 _aDewey John
_932131
245 0 _aDemocracy and education
_b an introduction to the philosophy of education
260 _c1950
490 _aText-book series, ed by Paul Monroe; 1
650 _aEDUCATION
942 _hT, J0
_cTEXL
_2CC
999 _c271544
_d271544